000 01738cam a22005054i 4500
003 PE-LiUPU
005 20250731173416.0
008 150706s r 000 0 d
020 _a9780570051251
035 _a(Sirsi) i9780570051251
040 _aPE-LiUPU
_bspa
_cPE-LiUPU
_erda
049 _aPRUA
082 0 4 _a220
_bCC 43
_221
100 1 _aBlank, Rodolfo H.,
_eautor.
245 1 0 _aJuan :
_bun comentario teológico y pastoral al cuarto evangelio /
_cRodolfo H. Blank.
264 1 _aEE.UU. :
_bConcordia,
_c1999.
300 _a635 páginas ;
_c24 cm.
336 _atext
_2rdacontent
337 _aunmediated
_2rdamedia
338 _avolume
_2rdacarrier
490 0 _aComentario Concordia
500 _aEl evangelio según Juan -- Título en cubierta.
504 _aIncluye bibliografía.
505 0 _aContiene San Juan capítulo 1 al capítulo 21.
526 _aSEG42
526 _aSEG41
526 _aSEG40
526 _aSEG39
526 _aP94
526 _aP87
526 _aP86
526 _aP85
526 _aP77
526 _aP76
526 _aP35
541 _g001-0000567;
630 _aBiblia.
_pN.T.
_pJuan
_xComentarios.
700 1 _aHoppe, Héctor,
_eed.
910 _agl
_bjv
_clch
_d20120527
942 _2ddc
_cBOOK
949 _a220 CC 43
_wDEWEY
_c1
_i64696
_lCCODEBUL1
_mBUL
_p29.00
_r0
_sY
_tBOOK
_u2015-7-6
_xTEOLOGIA
_PP35
_o.STAFF. Colección General
994 _aC0
_bPEPRU
596 _a1
999 _a220 CC 43
_wDEWEY
_c53401
_i64696
_d53401
_f2021-11-9
_g5
_lCCODEBUL1
_mBUL
_p29.00
_q11
_r0
_sY
_tBOOK
_u2015-7-6
_xTEOLOGIA
_PP35
_0COMPRA
_o.STAFF. Colección General
980 _81
_gALBERTO SANCHEZ Responsable de Automatización